Statistics for President Based on Facts

Click here to take the quiz!

General Stats

  • This quiz has been taken 20 times
  • The average score is 11 of 13

Answer Stats

HintAnswer% Correct
First PresidentGeorge Washington
100%
First president to resignRichard Nixon
100%
was an actorRonald Reagan
100%
Got stuck in the bathWilliam Taft
94%
First president to be impeachedAndrew Johnson
89%
The Annoying OrangeDonald Trump
89%
Third president to be assassinatedWilliam McKinley
89%
Was the only one elected non-consecutivleyGrover Cleveland
83%
Is the oldest presidentJimmy Carter
78%
Had no middle nameHarry Truman
72%
Died in a monthWilliam Henry Harrison
72%
First one born in the USAMartin Van Buren
67%
Shortest PresidentJames Madison
61%

Score Distribution

Percentile by Number Answered

Percent of People with Each Score

Your Score History

You have not taken this quiz